| 000 | 00952cad a22002415a 4500 | ||
|---|---|---|---|
| 001 | L151774 | ||
| 008 | 101209s2010 xxk f 000 0 eng d | ||
| 035 | _a(Sirsi) u151774 | ||
| 041 | 0 | _aeng | |
| 050 | 0 | 4 | _a690.0285 $2 18 |
| 100 | 1 | _aHamil, Stephen | |
| 245 | 0 | 0 |
_aWhat BIM is and how it is being used _h[electronic resource] |
| 260 |
_a[S.l.] _bNBS _c2010 |
||
| 520 | _aResults of the NBS 2010 BIM survey; conducted by the National Building Specification into the use of Business Information Modelling by questioning over 6 500 construction professionals in the UK including surveyors. | ||
| 590 | _aKA NTK | ||
| 650 | 2 | 4 | _aBUILDING INFORMATION MODELLING |
| 650 | 2 | 4 |
_aBIM _96219 |
| 651 | 4 |
_aUnited Kingdom _y |
|
| 690 |
_aBIM _96219 |
||
| 710 | 1 |
_aRoyal Institute of British Architects _92527 |
|
| 856 | 4 | 0 |
_uhttps://www.thenbs.com/pdfs/What_BIM_is_and_how_it_is_being_used.pdf _zView the item free of charge at www.thenbs.com |
| 942 | _n0 | ||
| 999 |
_c111613 _d111613 |
||